| 000 | 00371 a2200133 4500 | ||
|---|---|---|---|
| 003 | Nust | ||
| 005 | 20170207171043.0 | ||
| 040 | _cNust | ||
| 082 | _a799 | ||
| 245 |
_aLaptop Distr to Students -UG Courses, Photographs-2015 _cMCS |
||
| 260 |
_aMCS _bRawalpindi _c10-03-2015 |
||
| 650 | _aPictures of Laptop Distr to Students -UG Courses, Photographs-2015 | ||
| 651 | _aSweet Memories-MCS | ||
| 942 | _cBK | ||
| 999 |
_c216057 _d216057 |
||